Sports Quiz

Random Sports or Football Quiz

Michigan Starting Quarterbacks since '69 Quiz Stats

Quiz not verified by Sporcle

Challenge
Share
Tweet
Embed
Score 0/28 Timer 07:00
0 Plays Today
Year Quarterback % Correct
1998-1999Tom Brady
94.8%
2004-2007Chad Henne
89.8%
2009Tate Forcier
78.7%
1995-1997Brian Griese
76.1%
1999-2000Drew Henson
73.8%
2016-2017Wilton Speight
70.9%
2012-2014Devin Gardner
69.3%
2000-2003John Navarre
68.3%
2007Ryan Mallett
66.9%
1984-1986Jim Harbaugh
64.1%
1990-1991Elvis Grbac
63.4%
2015Jake Rudock
59.3%
2008Steven Threet
55.4%
2008Nick Sheridan
54.6%
Year Quarterback % Correct
1975-1978Rick Leach
49.2%
2010-2012Denard Robinson
46%
1992-1994Todd Collins
45.6%
2017Brandon Peters
43.5%
1995-1996Scott Dreisbach
37.8%
1981-1983Steve Smith
27.4%
2016-17John O'Korn
26.2%
1979-1980John Wangler
25.8%
1988-1989Michael Taylor
22.6%
1987-1988Demetrius Brown
21.9%
1972-1974Dennis Franklin
19.4%
1969-70Don Moorhead
8.9%
1971Tom Slade
8.5%
1984Chris Zurbrugg
6.2%

You're not logged in!

Compare scores with friends on all Sporcle quizzes.
Join for Free
OR
Log In

You Might Also Like...

Show Comments

Extras

Top Quizzes Today


Score Distribution

Your Account Isn't Verified!

In order to create a playlist on Sporcle, you need to verify the email address you used during registration. Go to your Sporcle Settings to finish the process.

Report this User

Report this user for behavior that violates our Community Guidelines.

Details: